| 000 | 00525nam a2200205Ia 4500 | ||
|---|---|---|---|
| 003 | OSt | ||
| 005 | 20241008124121.0 | ||
| 008 | 210210b xxu||||| |||| 00| 0 eng d | ||
| 040 | _cAL | ||
| 041 | _aSanskrit | ||
| 082 | _a881/88 | ||
| 100 |
_aVISHNU _dविष्णु _9181801 |
||
| 245 |
_aChoura panchasika _bचौरा पंचासिका |
||
| 260 |
_aBengaLUru _b- |
||
| 650 |
_apanchasika _9181802 |
||
| 650 |
_aChoura _9181803 |
||
| 690 |
_aSanskrit Poetry _9181804 |
||
| 906 | _a024259 | ||
| 942 |
_2ddc _cBK |
||
| 999 |
_c149657 _d149657 |
||